U.S. State Trivia by Letter - L - Statistics

General Stats
  • This quiz has been taken 142 times
  • The average score is 14 of 16
Answer Stats
Hint Answer % Correct
Most populous city in Nevada Las Vegas
99%
What are Tahoe, Superior, and Okeechobee? Lakes
98%
State known for bayous and jazz music Louisiana
98%
Island that Brooklyn and Queens are on {Long} Island
97%
The second most populous city in the country Los Angeles
97%
Civil War President and capital of Nebraska Lincoln
95%
Nickname of Texas {Lone} {Star} State
95%
Maine is famous for this type of seafood Lobster
94%
Structure designed to emit light to provide navigation for nighttime ships Lighthouse
89%
Capital of Arkansas Little Rock
89%
Capital of Michigan Lansing
84%
Official team sport of Maryland Lacrosse
81%
What the L stands for in LBJ Lyndon
80%
What Mormons prefer to be called Latter-Day Saints
65%
Band known for "Sweet Home Alabama" and "Free Bird" Lynyrd Skynyrd
63%
Explorers who traveled through newly acquired territory in the 1800s Lewis and Clark
59%
No matching quizzes found
Score Distribution
Percent of People with Each Score
Percentile by Number Answered
Your Score History
You have not taken this quiz